| 000 | 00769cab a2200241 4500 | ||
|---|---|---|---|
| 001 | ABS59530 | ||
| 008 | 090401t1998 xxu||||| |||| 00| 0 eng d | ||
| 035 | _a(Sirsi) u89412 | ||
| 041 | _aeng | ||
| 100 | _aChevin, D. | ||
| 245 | _aBoom at the top | ||
| 260 | _c1998 | ||
| 350 | _a0 | ||
| 490 |
_aBuilding _v263(8061) 23 October 1998, 44-47(4) |
||
| 520 | _aDetails findings from the 1990 Hays Executive/Building salary guide, which finds pay increases for executives rising far above middle-ranking staff. | ||
| 650 | _aCHIEF EXECUTIVES REMUNERATION | ||
| 650 | _aCOMPANY DIRECTORS | ||
| 650 | _aMONTROSE SALARY SURVEY | ||
| 650 | _aSALARY SURVEYS | ||
| 690 | _aMANAGEMENT-BUSINESS MANAGEMENT-PROFESSIONAL PRACTICE | ||
| 942 | _n0 | ||
| 948 | _c03/11/1998 | ||
| 999 |
_c56557 _d56557 |
||